Internationales Colloquium über Menschenrechte=International round-table discussion on human rights=Colloque internationale sur les droits de l'homme

Guardat en:
Dades bibliogràfiques
Format: Llibre
Idioma:alemany
anglès
francès
Publicat: Berlín Deutsche Gesellschaft für die Vereinten Nationen 1968
Matèries:
Etiquetes: Afegir etiqueta
Sense etiquetes, Sigues el primer a etiquetar aquest registre!

MARC

LEADER 00000nam a2200000 a 4500
001 UCT7013
003 CL-VaPUC
005 20220428074412.0
008 970116e19680000gw 1 ger d
041 0 7 |a ger  |2 CL-VaPUC 
041 0 7 |a eng  |2 CL-VaPUC 
041 0 7 |a fre  |2 CL-VaPUC 
082 0 4 |a 323.4  |b INT  |2 21 
245 1 0 |a Internationales Colloquium über Menschenrechte=International round-table discussion on human rights=Colloque internationale sur les droits de l'homme 
260 |a Berlín  |b Deutsche Gesellschaft für die Vereinten Nationen  |c 1968 
300 |a 216 p 
583 |a last modification  |c 19970116 00:00:00  |k Rodrigo Vera 
650 0 0 |a Derechos humanos  |9 223025 
650 0 0 |a Derechos civiles y políticos   |9 338684 
650 0 0 |a Historia  |9 255047 
650 0 7 |a HOMBRE  |2 CL-VaPUC  |9 262149 
650 0 0 |a Derechos y priviliegios  |9 338404 
942 |c BK 
945 |a paguirre  |d 19970116 00:00:00 
546 |a En Alemán 
546 |a En Inglés 
546 |a En Francés 
518 |p Internationales Colloquium über Menschenrechte, Berlín, 3 al 8 de Octubre de 1986 
999 |c 382812  |d 382810 
952 |0 0  |1 0  |4 0  |6 323_400000000000000_INT_1968  |7 0  |8 A  |9 504703  |a BIBDER  |b BIBDER  |d 2020-01-23  |i 180524K  |o 323.4 INT 1968  |p 180524K  |r 2023-01-25  |w 2020-01-23  |y BK  |k DER